[Event "ROU-chT 1st League 2019"]
[Site "Mamaia"]
[Date "2019.09.26"]
[Round "6.19"]
[White "Doncea, Vladimir"]
[Black "Tarlev, Konstantin"]
[Result "0-1"]
[WhiteElo "2341"]
[BlackElo "2559"]
[Annotator "ChessBase"]
[PlyCount "134"]
[EventDate "2019.09.21"]
[EventType "team-tourn"]
[EventCountry "ROU"]
[SourceTitle "playchess.com"]
[Source "ChessBase"]
[SourceQuality "1"]
[TimeControl "40/5400+30:1800+30"]

1. Nf3 {[%emt 0:01:24]} c5 {[%emt 0:00:00]} 2. g3 {[%emt 0:00:28]} g6 {[%emt 0:00:14]} 3. Bg2 {[%emt 0:00:15]} Bg7 {[%emt 0:00:05]} 4. c4 {[%emt 0:00:46]} Nc6 {[%emt 0:00:17]} 5. Nc3 {[%emt 0:00:10]} e5 {[%emt 0:03:12]} 6. O-O {[%emt 0:02:04]} Nge7 {[%emt 0:00:56]} 7. a3 {[%emt 0:00:09]} d6 {[%emt 0:08:05]} 8. d3 {[%emt 0:02:43]} O-O {[%emt 0:01:55]} 9. Rb1 {[%emt 0:00:56]} a5 {[%emt 0:06:10]} 10. Ne1 {[%emt 0:10:20]} Be6 {[%emt 0:09:20]} 11. Nc2 {[%emt 0:00:11]} d5 {[%emt 0:03:20]} 12. cxd5 {[%emt 0:00:10]} Nxd5 {[%emt 0:00:02]} 13. Ne3 {[%emt 0:00:23]} Nde7 {[%emt 0:03:19]} 14. Ne4 {[%emt 0:07:57]} b6 {[%emt 0:01:02]} 15. Ng5 {[%emt 0:01:57]} Bd7 {[%emt 0:02:44]} 16. f4 {[%emt 0:08:08]} exf4 {[%emt 0:01:41]} 17. gxf4 {[%emt 0:03:55]} h6 {[%emt 0:03:22]} 18. Nf3 {[%emt 0:08:51]} b5 {[%emt 0:07:50]} 19. a4 {[%emt 0:11:28]} bxa4 {[%emt 0:02:31]} 20. Nc4 {[%emt 0:01:29]} Rb8 {[%emt 0:05:57]} 21. Qxa4 {[%emt 0:01:35]} Nd4 {[%emt 0:05:18]} 22. Qd1 {[%emt 0:01:51]} Nec6 {[%emt 0:07:32]} 23. Bd2 {[%emt 0:08:23]} Re8 {[%emt 0:07:10]} 24. e3 {[%emt 0:04:28]} Nxf3+ {[%emt 0:02:02]} 25. Qxf3 {[%emt 0:04:22]} Nb4 {[%emt 0:01:01]} 26. Bc3 {[%emt 0:04:56]} Bc6 {[%emt 0:03:04]} 27. e4 {[%emt 0:02:52]} Nxd3 {[%emt 0:04:27]} 28. Qe3 {[%emt 0:01:37]} Bd4 {[%emt 0:05:11]} 29. Bxd4 {[%emt 0:00:08]} Qxd4 {[%emt 0:00:01]} 30. Qxd4 {[%emt 0:00:20]} cxd4 {[%emt 0:00:01]} 31. e5 {[%emt 0:03:59]} Bxg2 {[%emt 0:00:18]} 32. Kxg2 {[%emt 0:00:03]} Rec8 {[%emt 0:00:39]} 33. Nxa5 {[%emt 0:01:48]} Rc2+ {[%emt 0:00:17]} 34. Kg3 {[%emt 0:00:06]} Rbxb2 {[%emt 0:04:41]} 35. Rxb2 {[%emt 0:02:50]} Nxb2 {[%emt 0:00:04]} 36. Nb3 {[%emt 0:00:57]} d3 {[%emt 0:00:34]} 37. Rf2 {[%emt 0:02:05]} Nc4 {[%emt 0:03:26]} 38. Rxc2 {[%emt 0:00:19]} dxc2 {[%emt 0:00:01]} 39. Nc1 {[%emt 0:00:16]} Kg7 {[%emt 0:01:04]} 40. Kf3 {[%emt 0:00:00]} g5 {[%emt 0:00:00]} 41. Ke4 {[%emt 0:04:48]} gxf4 {[%emt 0:02:43]} 42. Kxf4 {[%emt 0:03:49]} Kg6 {[%emt 0:00:06]} 43. Ke4 {[%emt 0:03:44]} Kg5 {[%emt 0:00:38]} 44. Kd3 {[%emt 0:00:09]} Nxe5+ {[%emt 0:00:54]} 45. Kxc2 {[%emt 0:00:07]} Ng4 {[%emt 0:01:18]} 46. Kd2 {[%emt 0:00:08]} Nxh2 {[%emt 0:00:05]} 47. Ke3 {[%emt 0:00:05]} Ng4+ {[%emt 0:00:04]} 48. Kf3 {[%emt 0:00:03]} Ne5+ {[%emt 0:00:07]} 49. Kg3 {[%emt 0:00:17]} f5 {[%emt 0:00:20]} 50. Ne2 {[%emt 0:00:23]} Ng6 {[%emt 0:00:32]} 51. Nd4 {[%emt 0:00:09]} f4+ {[%emt 0:00:30]} 52. Kh3 {[%emt 0:00:16]} Ne5 {[%emt 0:00:57]} 53. Ne6+ {[%emt 0:02:32]} Kf5 {[%emt 0:00:04]} 54. Nc5 {[%emt 0:00:05]} Ng4 {[%emt 0:07:16]} 55. Nd3 {[%emt 0:00:23]} Nf6 {[%emt 0:00:19]} 56. Nf2 {[%emt 0:00:08]} Ne4 {[%emt 0:02:16]} 57. Ng4 {[%emt 0:03:37]} h5 {[%emt 0:00:46]} 58. Nh2 {[%emt 0:00:48]} Ng5+ {[%emt 0:01:01]} 59. Kg2 {[%emt 0:01:21]} Ke4 {[%emt 0:04:20]} 60. Kf2 {[%emt 0:00:23]} Nf7 {[%emt 0:01:17]} 61. Nf3 {[%emt 0:02:17]} Ne5 {[%emt 0:00:07]} 62. Nd2+ {[%emt 0:02:48]} Kf5 {[%emt 0:00:19]} 63. Nf1 {[%emt 0:00:38]} Ng4+ {[%emt 0:01:10]} 64. Kf3 {[%emt 0:00:14]} h4 {[%emt 0:02:53]} 65. Nd2 {[%emt 0:00:38]} h3 {[%emt 0:00:23]} 66. Nf1 {[%emt 0:00:08]} h2 {[%emt 0:01:11]} 67. Kg2 {[%emt 0:00:07]} Ne3+ 0-1

[Event "ROU-chT 1st League 2019"]
[Site "Mamaia"]
[Date "2019.09.26"]
[Round "6.20"]
[White "Morozov, Nichita"]
[Black "Ciorgovean, Iustin"]
[Result "1/2-1/2"]
[WhiteElo "2394"]
[BlackElo "2331"]
[Annotator "NA"]
[PlyCount "83"]
[EventDate "2019.09.21"]
[EventType "team-tourn"]
[EventCountry "ROU"]
[SourceTitle "playchess.com"]
[Source "ChessBase"]
[SourceQuality "1"]
[TimeControl "40/5400+30:1800+30"]

1. Nf3 {[%emt 0:00:15]} d5 {[%emt 0:00:00]} 2. g3 {[%emt 0:00:04]} g6 {[%emt 0:00:00]} 3. c4 {[%emt 0:02:20]} dxc4 {[%emt 0:00:23]} 4. Qa4+ {[%emt 0:00:26]} Nc6 {[%emt 0:00:26]} 5. Bg2 {[%emt 0:05:18]} Bg7 {[%emt 0:01:44]} 6. Na3 {[%emt 0:02:29]} Nh6 {[%emt 0:03:59]} 7. Nxc4 {[%emt 0:03:47]} O-O {[%emt 0:00:30]} 8. d3 {[%emt 0:00:22]} Nf5 {[%emt 0:02:35]} 9. Bf4 {[%emt 0:04:13]} f6 {[%emt 0:11:51]} 10. Ne3 {[%emt 0:11:48]} Nh6 {[%emt 0:14:44]} 11. Nc2 {[%emt 0:03:09]} e5 {[%emt 0:00:30]} 12. Bd2 {[%emt 0:00:06]} Nf5 {[%emt 0:04:05]} 13. b4 {[%emt 0:02:50]} a6 {[%emt 0:03:27]} 14. Qb3+ {[%emt 0:01:39]} Kh8 {[%emt 0:00:12]} 15. O-O {[%emt 0:01:08]} Re8 {[%emt 0:00:18]} 16. a4 {[%emt 0:06:06]} Ncd4 {[%emt 0:03:43]} 17. Ncxd4 {[%emt 0:01:33]} Nxd4 {[%emt 0:03:38]} 18. Nxd4 {[%emt 0:02:40]} Qxd4 {[%emt 0:01:36]} 19. Bc3 {[%emt 0:01:59]} Qd6 {[%emt 0:00:36]} 20. Qb2 {[%emt 0:00:11]} c6 {[%emt 0:01:12]} 21. Rad1 {[%emt 0:06:06]} Be6 {[%emt 0:13:26]} 22. d4 {[%emt 0:02:28]} exd4 {[%emt 0:00:04]} 23. Rxd4 {[%emt 0:01:54]} Qe7 {[%emt 0:00:21]} 24. Rfd1 {[%emt 0:00:45]} Rad8 {[%emt 0:03:14]} 25. Qa1 {[%emt 0:10:37]} Rxd4 {[%emt 0:01:03]} 26. Rxd4 {[%emt 0:00:48]} Rd8 {[%emt 0:01:20]} 27. Rxd8+ {[%emt 0:02:02]} Qxd8 {[%emt 0:01:30]} 28. Be4 {[%emt 0:02:26]} Kg8 {[%emt 0:04:27]} 29. Bd3 {[%emt 0:00:53]} Kf7 {[%emt 0:00:58]} 30. h4 {[%emt 0:00:27]} Qd7 {[%emt 0:02:09]} 31. Qb1 {[%emt 0:01:35]} Bf5 {[%emt 0:02:24]} 32. Bc4+ {[%emt 0:00:30]} Be6 {[%emt 0:00:06]} 33. Bd3 {[%emt 0:00:10]} Bf5 {[%emt 0:00:22]} 34. Qb3+ {[%emt 0:01:22]} Be6 {[%emt 0:00:25]} 35. Qc2 {[%emt 0:00:36]} Bf5 {[%emt 0:02:03]} 36. Qa2+ {[%emt 0:03:55]} Be6 {[%emt 0:00:15]} 37. Qd2 {[%emt 0:00:31]} h5 {[%emt 0:04:29]} 38. Qf4 {[%emt 0:01:02]} Bf5 {[%emt 0:02:02]} 39. Bc4+ {[%emt 0:02:38]} Be6 {[%emt 0:00:12]} 40. Bd3 {[%emt 0:00:00]} Bf5 {[%emt 0:00:00]} 41. Bc4+ {[%emt 0:02:11]} Be6 {[%emt 0:01:54]} 42. Bd3 {[%emt 0:00:04]} 1/2-1/2

[Event "ROU-chT 1st League 2019"]
[Site "Mamaia"]
[Date "2019.09.26"]
[Round "6.21"]
[White "Barzanu, Iulian"]
[Black "Ionescu, Constantin"]
[Result "1/2-1/2"]
[WhiteElo "2187"]
[BlackElo "2426"]
[Annotator "NA"]
[PlyCount "61"]
[EventDate "2019.09.21"]
[EventType "team-tourn"]
[EventCountry "ROU"]
[SourceTitle "playchess.com"]
[Source "ChessBase"]
[SourceQuality "1"]
[TimeControl "40/5400+30:1800+30"]

1. e4 {[%emt 0:00:00]} c5 {[%emt 0:00:00]} 2. Nf3 {[%emt 0:00:08]} e6 {[%emt 0:00:07]} 3. d4 {[%emt 0:00:12]} cxd4 {[%emt 0:00:09]} 4. Nxd4 {[%emt 0:00:10]} a6 {[%emt 0:00:06]} 5. Nc3 {[%emt 0:00:31]} b5 {[%emt 0:00:15]} 6. Bd3 {[%emt 0:01:36]} Bb7 {[%emt 0:00:28]} 7. O-O {[%emt 0:00:44]} Nc6 {[%emt 0:01:09]} 8. Nxc6 {[%emt 0:00:44]} Bxc6 {[%emt 0:00:09]} 9. Re1 {[%emt 0:00:44]} Qb8 {[%emt 0:01:31]} 10. Qe2 {[%emt 0:10:54]} Bd6 {[%emt 0:02:11]} 11. e5 {[%emt 0:02:07]} Bc7 {[%emt 0:00:48]} 12. f4 {[%emt 0:15:33]} f5 {[%emt 0:05:16]} 13. Qh5+ {[%emt 0:11:23]} g6 {[%emt 0:02:11]} 14. Qh3 {[%emt 0:02:02]} Kf7 {[%emt 0:02:48]} 15. Be3 {[%emt 0:03:23]} Kg7 {[%emt 0:00:33]} 16. a4 {[%emt 0:08:10]} b4 {[%emt 0:04:12]} 17. Ne2 {[%emt 0:00:43]} Nh6 {[%emt 0:00:44]} 18. Qg3 {[%emt 0:07:23]} Rc8 {[%emt 0:18:50]} 19. h3 {[%emt 0:01:09]} Bb6 {[%emt 0:00:56]} 20. Nd4 {[%emt 0:01:22]} Bd5 {[%emt 0:00:34]} 21. Qf2 {[%emt 0:01:08]} Bd8 {[%emt 0:01:37]} 22. Nb3 {[%emt 0:01:26]} Rc6 {[%emt 0:05:44]} 23. Rad1 {[%emt 0:06:01]} Nf7 {[%emt 0:03:08]} 24. Rd2 Be7 {[%emt 0:03:52]} 25. Be2 {[%emt 0:07:25]} Qc8 {[%emt 0:03:23]} 26. Bf3 {[%emt 0:01:48]} Bxf3 {[%emt 0:00:32]} 27. Qxf3 {[%emt 0:00:07]} Rb8 {[%emt 0:01:23]} 28. Red1 {[%emt 0:00:38]} d5 {[%emt 0:04:27]} 29. exd6 {[%emt 0:01:13]} Rxd6 {[%emt 0:00:13]} 30. Rxd6 {[%emt 0:13:09]} Bxd6 {[%emt 0:07:33]} 31. Nd4 1/2-1/2

[Event "ROU-chT 1st League 2019"]
[Site "Mamaia"]
[Date "2019.09.26"]
[Round "6.22"]
[White "Cosma, Ioan"]
[Black "Prodileanu, Adrian"]
[Result "1-0"]
[WhiteElo "2394"]
[BlackElo "2236"]
[Annotator "NA"]
[PlyCount "167"]
[EventDate "2019.09.21"]
[EventType "team-tourn"]
[EventCountry "ROU"]
[SourceTitle "playchess.com"]
[Source "ChessBase"]
[SourceQuality "1"]
[TimeControl "40/5400+30:1800+30"]

1. d4 {[%emt 0:00:00]} Nf6 {[%emt 0:00:00]} 2. Nf3 {[%emt 0:00:00]} e6 {[%emt 0:00:04]} 3. g3 {[%emt 0:00:03]} c5 {[%emt 0:00:17]} 4. Bg2 {[%emt 0:00:08]} Nc6 {[%emt 0:00:14]} 5. O-O {[%emt 0:00:23]} d5 {[%emt 0:00:16]} 6. c4 {[%emt 0:00:49]} dxc4 {[%emt 0:00:21]} 7. Ne5 {[%emt 0:00:56]} Bd7 {[%emt 0:00:44]} 8. Na3 {[%emt 0:00:09]} cxd4 {[%emt 0:00:28]} 9. Naxc4 {[%emt 0:00:17]} Bc5 {[%emt 0:00:13]} 10. Bf4 {[%emt 0:07:34]} O-O {[%emt 0:01:54]} 11. Qb3 {[%emt 0:04:09]} Rc8 {[%emt 0:01:43]} 12. Qxb7 {[%emt 0:03:59]} Nxe5 {[%emt 0:00:14]} 13. Nxe5 {[%emt 0:02:15]} Rb8 {[%emt 0:00:21]} 14. Qxb8 {[%emt 0:00:27]} Qxb8 {[%emt 0:00:07]} 15. Nxd7 {[%emt 0:00:04]} Qxb2 {[%emt 0:00:12]} 16. Nxc5 {[%emt 0:03:54]} Qxe2 {[%emt 0:01:35]} 17. Rfe1 {[%emt 0:02:44]} Qb5 {[%emt 0:05:00]} 18. Nb3 {[%emt 0:02:45]} Rd8 {[%emt 0:03:58]} 19. Rad1 {[%emt 0:02:48]} d3 {[%emt 0:07:53]} 20. Bf1 {[%emt 0:08:06]} Qa4 {[%emt 0:14:20]} 21. Bg5 {[%emt 0:10:12]} Qxa2 {[%emt 0:02:28]} 22. Bxf6 {[%emt 0:00:43]} gxf6 {[%emt 0:00:49]} 23. Nc1 {[%emt 0:00:06]} Qa5 {[%emt 0:04:20]} 24. Nxd3 {[%emt 0:00:12]} Rd4 {[%emt 0:15:16]} 25. Ra1 {[%emt 0:07:52]} Ra4 {[%emt 0:08:55]} 26. Rab1 {[%emt 0:02:01]} Kg7 {[%emt 0:00:49]} 27. Rec1 {[%emt 0:02:40]} Ra3 {[%emt 0:09:33]} 28. Rc2 {[%emt 0:10:51]} Rc3 {[%emt 0:04:09]} 29. Rcb2 {[%emt 0:00:53]} Qa3 {[%emt 0:04:11]} 30. Nf4 {[%emt 0:01:35]} Rc1 {[%emt 0:01:28]} 31. Rxc1 {[%emt 0:08:27]} Qxb2 {[%emt 0:00:11]} 32. Nd3 {[%emt 0:00:05]} Qd2 {[%emt 0:01:14]} 33. Rc4 {[%emt 0:01:58]} Qa5 {[%emt 0:05:32]} 34. Nc5 {[%emt 0:01:15]} Qd2 {[%emt 0:02:44]} 35. Na6 {[%emt 0:01:45]} Qd6 {[%emt 0:01:40]} 36. Rc7 {[%emt 0:00:57]} Qb6 {[%emt 0:00:42]} 37. Rd7 {[%emt 0:00:10]} h6 {[%emt 0:00:36]} 38. h4 {[%emt 0:02:51]} f5 {[%emt 0:01:02]} 39. h5 {[%emt 0:02:46]} f4 {[%emt 0:01:08]} 40. gxf4 {[%emt 0:00:00]} Qa5 {[%emt 0:00:00]} 41. Be2 {[%emt 0:14:52]} Qe1+ {[%emt 0:03:27]} 42. Bf1 {[%emt 0:00:05]} Qa5 {[%emt 0:00:04]} 43. Rxa7 {[%emt 0:03:40]} Qxh5 {[%emt 0:01:34]} 44. Nc7 {[%emt 0:00:57]} Qg4+ {[%emt 0:02:51]} 45. Bg2 {[%emt 0:00:06]} Kg6 {[%emt 0:02:23]} 46. Ra3 {[%emt 0:03:41]} Qxf4 {[%emt 0:03:45]} 47. Rg3+ {[%emt 0:00:07]} Kh7 {[%emt 0:00:08]} 48. Nb5 {[%emt 0:03:50]} Qe5 {[%emt 0:05:30]} 49. Nc3 {[%emt 0:00:25]} f5 {[%emt 0:00:45]} 50. Rd3 {[%emt 0:05:57]} Kg7 {[%emt 0:02:01]} 51. Bf1 {[%emt 0:00:30]} Kf6 {[%emt 0:01:18]} 52. Ne2 {[%emt 0:00:30]} Qc5 {[%emt 0:02:43]} 53. Rc3 {[%emt 0:01:28]} Qb4 {[%emt 0:01:02]} 54. f4 {[%emt 0:00:57]} Qb6+ {[%emt 0:01:02]} 55. Kg2 {[%emt 0:00:13]} e5 {[%emt 0:00:56]} 56. Rh3 {[%emt 0:01:15]} Qb7+ {[%emt 0:00:37]} 57. Kh2 {[%emt 0:00:51]} exf4 {[%emt 0:00:22]} 58. Bg2 {[%emt 0:04:51]} Qc7 {[%emt 0:01:22]} 59. Bf3 {[%emt 0:00:12]} Kg5 {[%emt 0:00:58]} 60. Kg2 {[%emt 0:01:04]} Qe5 {[%emt 0:00:13]} 61. Rh5+ {[%emt 0:00:26]} Kg6 {[%emt 0:00:16]} 62. Rh1 {[%emt 0:00:05]} Kg5 {[%emt 0:01:12]} 63. Rb1 {[%emt 0:01:22]} Kh4 {[%emt 0:01:29]} 64. Rb6 {[%emt 0:02:02]} Kg5 {[%emt 0:00:36]} 65. Rb4 {[%emt 0:02:41]} Qd6 {[%emt 0:02:02]} 66. Rd4 {[%emt 0:00:22]} Qc7 {[%emt 0:00:57]} 67. Rd5 {[%emt 0:00:16]} Kf6 {[%emt 0:00:33]} 68. Nd4 {[%emt 0:00:21]} Qg7+ {[%emt 0:00:52]} 69. Kf1 {[%emt 0:00:44]} Qg5 {[%emt 0:02:03]} 70. Rd6+ {[%emt 0:00:13]} Ke5 {[%emt 0:00:40]} 71. Rd5+ {[%emt 0:00:03]} Kf6 {[%emt 0:00:07]} 72. Ke2 {[%emt 0:00:02]} Kg6 {[%emt 0:00:49]} 73. Rd6+ {[%emt 0:00:45]} Kh7 {[%emt 0:00:25]} 74. Kd3 {[%emt 0:00:47]} Qg1 {[%emt 0:00:43]} 75. Nxf5 {[%emt 0:00:43]} Qb1+ {[%emt 0:01:14]} 76. Kd4 {[%emt 0:00:13]} Qb4+ {[%emt 0:01:26]} 77. Ke5 {[%emt 0:00:19]} Qb2+ {[%emt 0:00:19]} 78. Nd4 {[%emt 0:00:18]} Kg7 {[%emt 0:01:12]} 79. Bh5 {[%emt 0:00:44]} Qa1 {[%emt 0:00:55]} 80. Rd7+ {[%emt 0:00:17]} Kh8 {[%emt 0:00:21]} 81. Rd8+ {[%emt 0:00:28]} Kg7 {[%emt 0:00:21]} 82. Rd7+ {[%emt 0:00:04]} Kh8 {[%emt 0:00:04]} 83. Kf6 {[%emt 0:00:37]} Qa5 {[%emt 0:01:05]} 84. Ne6 {[%emt 0:00:54]} 1-0

[Event "ROU-chT 1st League 2019"]
[Site "Mamaia"]
[Date "2019.09.26"]
[Round "6.23"]
[White "Micu, Iulian"]
[Black "Itkis, Boris"]
[Result "1/2-1/2"]
[WhiteElo "2165"]
[BlackElo "2323"]
[Annotator "NA"]
[PlyCount "105"]
[EventDate "2019.09.21"]
[EventType "team-tourn"]
[EventCountry "ROU"]
[SourceTitle "playchess.com"]
[Source "ChessBase"]
[SourceQuality "1"]
[TimeControl "40/5400+30:1800+30"]

1. d4 {[%emt 0:00:00]} Nf6 {[%emt 0:00:00]} 2. Nf3 {[%emt 0:00:00]} e6 {[%emt 0:00:11]} 3. Bf4 {[%emt 0:00:20]} c5 {[%emt 0:02:45]} 4. e3 {[%emt 0:00:40]} b6 {[%emt 0:01:24]} 5. Nbd2 {[%emt 0:02:30]} Bb7 {[%emt 0:00:15]} 6. Bd3 {[%emt 0:02:42]} Be7 {[%emt 0:00:05]} 7. h3 {[%emt 0:00:23]} cxd4 {[%emt 0:00:06]} 8. exd4 {[%emt 0:00:21]} O-O {[%emt 0:00:08]} 9. O-O {[%emt 0:00:14]} d6 {[%emt 0:00:04]} 10. Re1 {[%emt 0:04:48]} Nbd7 {[%emt 0:00:33]} 11. Qe2 {[%emt 0:01:07]} a6 {[%emt 0:00:04]} 12. c3 {[%emt 0:01:22]} Re8 {[%emt 0:00:04]} 13. Nc4 {[%emt 0:02:05]} Qc7 {[%emt 0:00:07]} 14. a4 {[%emt 0:01:21]} Bf8 {[%emt 0:02:09]} 15. Bg3 {[%emt 0:05:11]} h6 {[%emt 0:01:28]} 16. Rac1 {[%emt 0:07:18]} Bc6 {[%emt 0:02:30]} 17. b3 {[%emt 0:01:50]} b5 {[%emt 0:04:23]} 18. Ncd2 {[%emt 0:01:08]} Qb7 {[%emt 0:01:48]} 19. axb5 {[%emt 0:00:33]} axb5 {[%emt 0:00:05]} 20. Ra1 {[%emt 0:00:26]} b4 {[%emt 0:08:22]} 21. c4 {[%emt 0:04:57]} Ra7 {[%emt 0:04:08]} 22. Rxa7 {[%emt 0:01:48]} Qxa7 {[%emt 0:00:02]} 23. Bb1 {[%emt 0:01:09]} Qb7 {[%emt 0:10:13]} 24. Qd3 {[%emt 0:07:58]} g6 {[%emt 0:03:01]} 25. Nh4 {[%emt 0:01:00]} Qa8 {[%emt 0:02:19]} 26. Nxg6 {[%emt 0:04:39]} fxg6 {[%emt 0:00:08]} 27. Qxg6+ {[%emt 0:00:01]} Bg7 {[%emt 0:00:08]} 28. Bxd6 {[%emt 0:00:09]} Nf8 {[%emt 0:02:14]} 29. Qg3 {[%emt 0:01:09]} Qb7 {[%emt 0:01:55]} 30. f3 {[%emt 0:02:50]} Qd7 {[%emt 0:14:27]} 31. c5 {[%emt 0:17:48]} Qf7 {[%emt 0:02:01]} 32. Nc4 {[%emt 0:00:40]} N6d7 {[%emt 0:11:54]} 33. Ne5 {[%emt 0:01:53]} Nxe5 {[%emt 0:00:06]} 34. dxe5 {[%emt 0:00:30]} Bd5 {[%emt 0:05:01]} 35. f4 {[%emt 0:01:44]} Ra8 {[%emt 0:00:19]} 36. Be4 {[%emt 0:02:07]} Bxe4 {[%emt 0:05:47]} 37. Rxe4 {[%emt 0:00:10]} Ra1+ {[%emt 0:00:41]} 38. Kh2 {[%emt 0:00:31]} Qb7 {[%emt 0:00:06]} 39. Qf3 {[%emt 0:00:41]} Rc1 {[%emt 0:01:31]} 40. Re3 {[%emt 0:00:00]} Qxf3 {[%emt 0:00:00]} 41. Rxf3 {[%emt 0:04:11]} Nd7 {[%emt 0:00:30]} 42. Rd3 {[%emt 0:01:44]} Nxc5 {[%emt 0:01:19]} 43. Rd4 {[%emt 0:03:14]} Nxb3 {[%emt 0:08:40]} 44. Rxb4 {[%emt 0:00:11]} Na5 {[%emt 0:00:19]} 45. Rb8+ {[%emt 0:07:14]} Kf7 {[%emt 0:00:32]} 46. g4 {[%emt 0:00:33]} Nc4 {[%emt 0:02:33]} 47. Rb7+ {[%emt 0:02:31]} Kg8 {[%emt 0:00:49]} 48. Rc7 {[%emt 0:00:52]} Rc2+ {[%emt 0:00:15]} 49. Kg3 {[%emt 0:00:16]} Ne3 {[%emt 0:01:10]} 50. Rxc2 {[%emt 0:10:07]} Nxc2 {[%emt 0:00:09]} 51. f5 {[%emt 0:00:19]} Nd4 {[%emt 0:00:30]} 52. Kf4 {[%emt 0:00:23]} Kf7 {[%emt 0:00:05]} 53. h4 {[%emt 0:02:01]} 1/2-1/2

[Event "ROU-chT 1st League 2019"]
[Site "Mamaia"]
[Date "2019.09.26"]
[Round "6.24"]
[White "Ileana, George"]
[Black "Jiroveanu, George"]
[Result "1/2-1/2"]
[WhiteElo "2349"]
[BlackElo "2241"]
[Annotator "NA"]
[PlyCount "78"]
[EventDate "2019.09.21"]
[EventType "team-tourn"]
[EventCountry "ROU"]
[SourceTitle "playchess.com"]
[Source "ChessBase"]
[SourceQuality "1"]
[TimeControl "40/5400+30:1800+30"]

1. Nf3 {[%emt 0:00:00]} f5 {[%emt 0:00:00]} 2. g3 {[%emt 0:00:00]} Nf6 {[%emt 0:00:00]} 3. Bg2 {[%emt 0:00:02]} e6 {[%emt 0:00:54]} 4. d4 {[%emt 0:00:10]} d5 {[%emt 0:00:34]} 5. O-O {[%emt 0:00:06]} Bd6 {[%emt 0:01:20]} 6. c4 {[%emt 0:00:06]} c6 {[%emt 0:00:08]} 7. b3 {[%emt 0:00:18]} O-O {[%emt 0:00:48]} 8. Bb2 {[%emt 0:00:05]} Ne4 {[%emt 0:02:21]} 9. Nbd2 {[%emt 0:01:07]} Nd7 {[%emt 0:02:41]} 10. e3 {[%emt 0:02:14]} Qf6 {[%emt 0:20:54]} 11. Ne1 {[%emt 0:00:25]} Nxd2 {[%emt 0:02:00]} 12. Qxd2 {[%emt 0:00:05]} Qh6 {[%emt 0:01:55]} 13. Nd3 {[%emt 0:00:24]} g5 {[%emt 0:01:39]} 14. Rae1 {[%emt 0:05:05]} g4 {[%emt 0:07:22]} 15. Qc1 {[%emt 0:00:10]} Qg7 {[%emt 0:07:27]} 16. Ba3 {[%emt 0:00:07]} Qe7 {[%emt 0:00:19]} 17. Bxd6 {[%emt 0:00:18]} Qxd6 {[%emt 0:00:06]} 18. Nf4 {[%emt 0:00:21]} Nf6 {[%emt 0:00:24]} 19. cxd5 {[%emt 0:01:11]} cxd5 {[%emt 0:00:37]} 20. Qc5 {[%emt 0:00:47]} Qxc5 {[%emt 0:00:28]} 21. dxc5 {[%emt 0:00:06]} Bd7 {[%emt 0:01:05]} 22. Rc1 {[%emt 0:00:33]} Kf7 {[%emt 0:01:00]} 23. Rfd1 {[%emt 0:03:05]} Bc6 {[%emt 0:01:13]} 24. Nd3 {[%emt 0:02:03]} Ke7 {[%emt 0:01:31]} 25. a4 {[%emt 0:05:51]} Rfc8 {[%emt 0:06:56]} 26. Kf1 {[%emt 0:00:40]} Rc7 {[%emt 0:01:51]} 27. Ke2 {[%emt 0:00:26]} Rac8 {[%emt 0:01:18]} 28. Rd2 {[%emt 0:00:57]} a5 {[%emt 0:11:30]} 29. Rb2 {[%emt 0:00:56]} Nd7 {[%emt 0:01:05]} 30. h3 {[%emt 0:00:24]} gxh3 {[%emt 0:00:53]} 31. Bxh3 {[%emt 0:00:06]} Kf6 {[%emt 0:05:45]} 32. g4 {[%emt 0:04:36]} fxg4 {[%emt 0:00:28]} 33. Bxg4 {[%emt 0:00:05]} Ne5 {[%emt 0:00:41]} 34. Nxe5 {[%emt 0:07:58]} Kxe5 {[%emt 0:00:10]} 35. f4+ {[%emt 0:00:33]} Kf6 {[%emt 0:00:09]} 36. Kd3 {[%emt 0:00:11]} Rg8 {[%emt 0:03:19]} 37. Bf3 {[%emt 0:09:13]} e5 {[%emt 0:01:49]} 38. fxe5+ {[%emt 0:00:43]} Kxe5 {[%emt 0:00:07]} 39. Rh2 {[%emt 0:00:18]} Rg5 {[%emt 0:03:13] Ke4+} 1/2-1/2

[Event "ROU-chT 1st League 2019"]
[Site "Mamaia"]
[Date "2019.09.26"]
[Round "6.25"]
[White "Istratescu, Andrei"]
[Black "Oltean, Dorel"]
[Result "1-0"]
[WhiteElo "2556"]
[BlackElo "2333"]
[Annotator "ChessBase"]
[PlyCount "55"]
[EventDate "2019.09.21"]
[EventType "team-tourn"]
[EventCountry "ROU"]
[SourceTitle "playchess.com"]
[Source "ChessBase"]
[SourceQuality "1"]
[TimeControl "40/5400+30:1800+30"]

1. c4 {[%emt 0:00:00]} c5 {[%emt 0:00:01]} 2. Nf3 {[%emt 0:00:00]} g6 {[%emt 0:00:30]} 3. d4 {[%emt 0:02:33]} cxd4 {[%emt 0:00:20]} 4. Nxd4 {[%emt 0:00:02]} Bg7 {[%emt 0:00:11]} 5. e4 {[%emt 0:00:19]} Nc6 {[%emt 0:00:59]} 6. Be3 {[%emt 0:00:15]} Nf6 {[%emt 0:00:46]} 7. Nc3 {[%emt 0:01:16]} Ng4 {[%emt 0:01:10]} 8. Qxg4 {[%emt 0:00:56]} Bxd4 {[%emt 0:00:27]} 9. Bxd4 {[%emt 0:00:13]} Nxd4 {[%emt 0:00:09]} 10. O-O-O {[%emt 0:00:05]} e5 {[%emt 0:07:02]} 11. Qg3 {[%emt 0:02:09]} d6 {[%emt 0:05:12]} 12. f4 {[%emt 0:01:12]} Qa5 {[%emt 0:12:05]} 13. fxe5 {[%emt 0:07:05]} dxe5 {[%emt 0:01:47]} 14. Nd5 {[%emt 0:00:40]} Nc6 {[%emt 0:21:39]} 15. a3 {[%emt 0:21:54]} Be6 {[%emt 0:15:32]} 16. Nf6+ {[%emt 0:16:47]} Kf8 {[%emt 0:03:28]} 17. h4 {[%emt 0:00:25]} h5 {[%emt 0:02:15]} 18. Bd3 {[%emt 0:03:03]} a6 {[%emt 0:02:20]} 19. Kb1 {[%emt 0:05:19]} Kg7 {[%emt 0:03:14]} 20. Rhf1 {[%emt 0:05:47]} b5 {[%emt 0:14:35]} 21. Nd5 {[%emt 0:01:21]} bxc4 {[%emt 0:02:18]} 22. Bxc4 {[%emt 0:00:03]} Rab8 {[%emt 0:03:15]} 23. Rf2 {[%emt 0:04:23]} Qc5 {[%emt 0:00:46]} 24. Bxa6 {[%emt 0:05:51]} Rb3 {[%emt 0:00:08]} 25. Rxf7+ {[%emt 0:00:43]} Bxf7 {[%emt 0:00:17]} 26. Qxb3 {[%emt 0:00:02]} Nd4 {[%emt 0:00:23]} 27. Qc3 {[%emt 0:01:29]} Qa7 {[%emt 0:00:03]} 28. Qc7 {[%emt 0:00:36]} 1-0